| 000 | 00916nam a22002417a 4500 | ||
|---|---|---|---|
| 999 |
_c65565 _d65565 |
||
| 005 | 20240530110831.0 | ||
| 008 | 190903s2008 ua a g b 000 0 ara d | ||
| 017 |
_bمصر. دار الكتب _a2008/11337 |
||
| 020 | _a9772936100 | ||
| 040 |
_aEG-CaGPL _cEG-CaGPL |
||
| 082 | 0 | 4 |
_221 _a229.45 \ _bع إ |
| 100 | 0 | _aعبدالحكم عبداللطيف الصعيدى | |
| 245 | 1 | 2 |
_aالانسان فى ضوء العلم والقران / _cعبدالحكم عبداللطيف الصعيدى |
| 250 | _aط.1 | ||
| 260 |
_aالقاهرة : _bالدار المصرية اللبنانية، _c2008 . |
||
| 300 |
_a168 ص. ؛ _c24 سم. |
||
| 504 | _aيشتمل على ارجاعات ببليوجرافية | ||
| 650 | 0 | 7 |
_2qrmak _aالاخلاق الاسلامية |
| 650 | 0 | 7 |
_aالانسان ( الاسلام ) _2qrmak |
| 651 | _2qrmak | ||
| 942 |
_2ddc _cBK |
||